000 00627nam a2200205 4500
001 123574
003 ES-MaACL
005 20230906192211.0
007 t|
008 070214s1978 mx r ||||1| spa d
100 1 _aDe Quincey, Thomas.
_943071
245 1 4 _aLos últimos días de Kant /
_cThomas De Quincey ; versión de José M. Borrás.
260 _aMéxico :
_bPremia,
_c1978.
300 _a71 p. ;
_c22 cm.
490 1 _aLa nave de los locos ;
_v36
700 1 _aBorrás i Codina, Josep M.
_930565
830 0 _aLa nave de los locos ;
_v36
_9180577
852 _aES-MaACL
_jL-7644
_bR.107563
999 _c123574
_d123574